书目信息 |
| 题名: |
音乐物理学导论
|
|
| 作者: | 唐林 著 | |
| 分册: | ||
| 出版信息: | 合肥 中国科学技术大学出版社 1991.12 |
|
| 页数: | 246页 | |
| 开本: | 32开 | |
| 丛书名: | ||
| 单 册: | ||
| 中图分类: | O424 | |
| 科图分类: | ||
| 主题词: | 声学 | |
| 电子资源: | ||
| ISBN: | 7-312-00311-7 | |
| 000 | 00538nam0 2200193 45 | |
| 001 | 0008081709 | |
| 005 | 20000808170548.6 | |
| 010 | @a7-312-00311-7@d4.50元 | |
| 100 | @a20000808d1991 km y0chiy0120 ea | |
| 101 | 0 | @achi |
| 105 | @a z 000yy | |
| 200 | 1 | @a音乐物理学导论@AYin Yue Wu Li Xue Dao Lun@f唐林等著@FTang Lin Deng Zhu |
| 210 | @a合肥@c中国科学技术大学出版社@d1991.12 | |
| 215 | @a246页@d32开 | |
| 606 | 0 | @a声学 |
| 690 | @aO424@v3 | |
| 701 | 0 | @a唐林@4著 |
| 801 | @aCN@bPftUser@c20000808 | |
| 905 | @b93192-196@dO424@eT.479@f5 | |
| 音乐物理学导论/唐林等著.-合肥:中国科学技术大学出版社,1991.12 |
| 246页;32开 |
| ISBN 7-312-00311-7:4.50元 |
| ● |
| 相关链接 |
|
|
|
正题名:音乐物理学导论
索取号:O424/T.479
 
预约/预借
| 序号 | 登录号 | 条形码 | 馆藏地/架位号 | 状态 | 备注 |
| 1 | 93192 | 200931929 | 自科库401/401自科库 88排1列4层/ [索取号:O424/T.479] | 在馆 | |
| 2 | 93193 | 200931938 | 自科库401/401自科库 88排1列4层/ [索取号:O424/T.479] | 在馆 | |
| 3 | 93194 | 200931947 | 自科库401/401自科库 88排1列4层/ [索取号:O424/T.479] | 在馆 | |
| 4 | 93195 | 200931956 | 自科库401/401自科库 88排1列4层/ [索取号:O424/T.479] | 在馆 | |
| 5 | 93196 | 200931965 | 自科库401/401自科库 88排1列4层/ [索取号:O424/T.479] | 在馆 |